| Tag |
First Indicator |
Second Indicator |
Subfields |
| LEADER |
00000cam a2200000 a 4500 |
| 001 |
in00001401310 |
| 005 |
20151020054031.0 |
| 008 |
950201r19941990nyua b 001 0 eng d |
| 010 |
|
|
|a 90002991
|
| 019 |
|
|
|a 31235658
|
| 020 |
|
|
|a 0385260954
|
| 035 |
|
|
|a (OCoLC)31914487
|
| 035 |
|
|
|9 AHN0193AM
|
| 040 |
|
|
|a SZR
|c SZR
|d DZM
|d RIC
|d TXA
|d UtOrBLW
|
| 049 |
|
|
|a TXAM
|
| 090 |
|
|
|a HD58.9
|b .S46 1994
|
| 092 |
|
|
|a 658.4
|b SENG
|
| 100 |
1 |
|
|a Senge, Peter M.
|
| 245 |
1 |
4 |
|a The fifth discipline :
|b the art and practice of the learning organization /
|c Peter M. Senge.
|
| 250 |
|
|
|a A Currency paperback.
|
| 264 |
|
1 |
|a New York :
|b Doubleday/Currency,
|c 1994
|
| 264 |
|
4 |
|c ©1990
|
| 300 |
|
|
|a xxiii, 423 pages :
|b illustrations ;
|c 24 cm.
|
| 336 |
|
|
|a text
|b txt
|2 rdacontent
|
| 337 |
|
|
|a unmediated
|b n
|2 rdamedia
|
| 338 |
|
|
|a volume
|b nc
|2 rdacarrier
|
| 504 |
|
|
|a Includes bibliographical references (pages [391]-409) and index.
|
| 650 |
|
0 |
|a Organizational effectiveness.
|
| 650 |
|
0 |
|a Teams in the workplace.
|
| 650 |
|
2 |
|a Organization and Administration.
|
| 650 |
|
2 |
|a Efficiency.
|
| 650 |
|
2 |
|a Learning.
|
| 650 |
|
7 |
|a Educational Environment.
|2 ericd
|
| 650 |
|
7 |
|a School Organization.
|2 ericd
|
| 740 |
0 |
|
|a Learning organization.
|
| 740 |
0 |
|
|a 5th discipline.
|
| 999 |
|
|
|a MARS
|
| 999 |
f |
f |
|s 51cc0edc-41fa-316b-9ac7-8666c17f33c1
|i 9fa2b0cc-6592-3a8c-b706-98712f52d99d
|t 0
|
| 952 |
f |
f |
|p normal
|a Texas A&M University
|b College Station
|c Sterling C. Evans Library
|d Evans: Library Stacks
|t 0
|e HD58.9 .S46 1994
|h Library of Congress classification
|i unmediated -- volume
|m A14822095434
|
| 998 |
f |
f |
|a HD58.9 .S46 1994
|t 0
|l Evans: Library Stacks
|